=LDR 00000nam 2200000 4500 =001 000277 =990 ##$$a TBM202500086 =005 20250710124528 =035 ##$$a 0010-0725000116 =245 1#$$a Bolehkah Aku Berbeda /$c Iwok Abqary =100 #$$a Abqary, Iwok =250 ##$$a Cetakan Pertama =300 ##$$a 36 hlm : $b ilus. ; $c 21 x 29,7 cm =856 ##$$a TBM AS SUHADA =260 ##$$a Jakarta Timur :$b Kementerian Pendidikan, Kebudayaan, Riset, dan Teknologi,$c 2023 =082 ##$$a 398.209 598 =084 ##$$a 398.209 598 ABQ b =020 ##$$a 978-623-118-781-9 =600 #4$$a Cerita anak-Indonesia